[Event "WE Autunno 2020 A"]
[Site "Roma"]
[Date "2020.10.09"]
[Round "1"]
[White "Machidon, Cristi"]
[Black "Scagliarini, Bruno"]
[Result "1-0"]
[WhiteElo "2261"]
[BlackElo "1788"]
[PlyCount "45"]
[EventDate "2020.10.??"]

1. d4 e6 2. c4 Nf6 3. Nc3 Bb4 4. e3 c5 5. Bd3 Nc6 6. Nge2 cxd4 7. exd4 d5 8.
cxd5 exd5 9. O-O O-O 10. Bg5 Bxc3 11. bxc3 h6 12. Bh4 g5 13. Bg3 Ne4 14. f3
Nxg3 15. Nxg3 Be6 16. f4 f6 17. Qh5 Qc7 18. Qxh6 Qg7 19. fxg5 Qxh6 20. gxh6
Rac8 21. Nh5 f5 22. Nf4 Nd8 23. Nxe6 1-0

[Event "WE Autunno 2020 A"]
[Site "Roma"]
[Date "2020.10.09"]
[Round "1"]
[White "Brozzi, Danilo"]
[Black "Carnicelli, Valerio"]
[Result "1/2-1/2"]
[WhiteElo "1713"]
[BlackElo "2242"]
[PlyCount "205"]
[EventDate "2020.10.??"]

1. d4 Nf6 2. Nf3 g6 3. Bf4 Bg7 4. e3 O-O 5. Bd3 d6 6. O-O Nbd7 7. c3 Re8 8. Be2
Nh5 9. Bg3 Nxg3 10. hxg3 e5 11. dxe5 Nxe5 12. Nbd2 Qe7 13. Nxe5 Bxe5 14. Nc4
Bg7 15. Bf3 Be6 16. Bd5 c6 17. Bxe6 Qxe6 18. Nd2 d5 19. Nf3 Rad8 20. Qc2 Rd7
21. a3 Red8 22. Rad1 c5 23. Rfe1 f5 24. Qb3 Bf6 25. Qc2 b6 26. Qb3 Kg7 27. Qc2
h5 28. Rd2 Qe4 29. Red1 Qxc2 30. Rxc2 Kf7 31. Rcd2 Ke6 32. Kf1 Rd6 33. Ke2 R8d7
34. Ne1 Bg7 35. Nd3 Bh6 36. Nf4+ Bxf4 37. gxf4 Ke7 38. g3 a5 39. Rd3 a4 40.
R1d2 Kd8 41. Rd1 Kc7 42. R3d2 Kc6 43. Rd3 Kb5 44. Kd2 Kc4 45. Kc2 Rh7 46. Rh1
Rd8 47. Rdd1 Re7 48. Rd2 Red7 49. Rhd1 Rh8 50. Rh1 Rhh7 51. Rdd1 Rh6 52. Rh4
Rh8 53. Rhh1 Re7 54. Rd2 Re4 55. Rhd1 Rd8 56. Rd3 Re7 57. R3d2 Red7 58. Rd3 Kb5
59. R3d2 Kc6 60. Kc1 Rh8 61. Rh1 Kd6 62. Rhd1 Ke6 63. Rh1 Kf6 64. Kc2 Rhd8 65.
Rhd1 Ke6 66. Kc1 b5 67. Kc2 Re8 68. Kb1 Rh8 69. Rh1 Rb8 70. Rc1 Rdd8 71. Rcc2
h4 72. gxh4 Rh8 73. Rc1 Rxh4 74. Rg1 Rh6 75. Kc2 Rd8 76. Kc1 Rd6 77. Kc2 Kd7
78. Kd1 Rh2 79. Ke2 Kc6 80. Kf3 Rh3+ 81. Ke2 Rh8 82. Rgd1 Re8 83. Kf3 Re4 84.
Rd3 b4 85. cxb4 cxb4 86. Rd4 bxa3 87. bxa3 Rd7 88. Rc1+ Kd6 89. Rcc4 Ra7 90.
Rb4 Kc5 91. Kg3 Ra5 92. Kf3 Ra8 93. Kg3 Ra7 94. Kf3 Ra6 95. Kg3 Rxd4 96. Rxd4
Kb5 97. Rb4+ Ka5 98. Rd4 Rd6 99. Kf3 Kb5 100. Rb4+ Ka5 101. Rd4 Rd8 102. Kg3
Rd7 103. Kf3 1/2-1/2

[Event "WE Autunno 2020 A"]
[Site "Roma"]
[Date "2020.10.09"]
[Round "1"]
[White "Pacilli, Emanuele"]
[Black "Vannelli, Vittorio"]
[Result "1-0"]
[WhiteElo "2106"]
[BlackElo "1632"]
[PlyCount "113"]
[EventDate "2020.10.??"]

1. e4 c5 2. Nf3 Nc6 3. d4 cxd4 4. Nxd4 g6 5. Nc3 Bg7 6. Be3 Nf6 7. Bc4 O-O 8.
Bb3 d6 9. h3 Nxd4 10. Bxd4 Qa5 11. O-O Bd7 12. Re1 Rac8 13. Nd5 Rfe8 14. Nxf6+
exf6 15. Qd3 Bc6 16. Bc3 Qg5 17. Rad1 f5 18. Bxg7 Kxg7 19. Bd5 fxe4 20. Bxe4
Rxe4 21. Rxe4 Bxe4 22. Qxe4 Qe5 23. Qxe5+ dxe5 24. c3 Rc7 25. Kf1 Kf6 26. Ke2
Ke6 27. g4 f5 28. f3 f4 29. Rd8 Kf6 30. h4 h6 31. Kd3 Ke7 32. Rh8 Kf6 33. h5
Kg7 34. Re8 gxh5 35. gxh5 Rd7+ 36. Ke4 Rd2 37. Rxe5 Rxb2 38. Kxf4 Kf6 39. a4
Ra2 40. Re4 Ra3 41. Rc4 Ra1 42. Ke4 Re1+ 43. Kd4 Kg5 44. Rc5+ Kf4 45. Rc7 Kxf3
46. Rxb7 Re4+ 47. Kd5 Rxa4 48. c4 Kg4 49. c5 Kxh5 50. c6 Ra1 51. c7 Rd1+ 52.
Ke6 Rc1 53. Rb5+ Kg4 54. Kd6 Rd1+ 55. Rd5 Rc1 56. Rc5 Rd1+ 57. Kc6 1-0

[Event "WE Autunno 2020 A"]
[Site "Roma"]
[Date "2020.10.09"]
[Round "1"]
[White "Moriggi, Alessandro"]
[Black "D'Angerio, Alessandro"]
[Result "0-1"]
[WhiteElo "1586"]
[BlackElo "2019"]
[PlyCount "86"]
[EventDate "2020.10.??"]

1. e4 c5 2. Nf3 e6 3. d4 cxd4 4. Nxd4 Nc6 5. Be3 Nf6 6. Nc3 Bb4 7. Ndb5 d5 8.
exd5 Nxd5 9. Bd2 Nxc3 10. Bxc3 Bxc3+ 11. Nxc3 O-O 12. Be2 Qg5 13. O-O Rd8 14.
Qc1 Qxc1 15. Raxc1 e5 16. Nd1 Rd2 17. Bc4 Bf5 18. Ne3 Bg6 19. Rfd1 Rad8 20. Bb3
Kf8 21. Nd5 Rxd1+ 22. Rxd1 Na5 23. Ne3 Rxd1+ 24. Nxd1 Nxb3 25. cxb3 Ke7 26. Kf1
Kd6 27. Nc3 Kc5 28. Ke2 b5 29. Ke3 b4 30. Ne4+ Bxe4 31. Kxe4 Kd6 32. g3 g6 33.
g4 f6 34. h3 h6 35. f3 Ke6 36. Kd3 Kd5 37. Ke3 f5 38. a3 a5 39. a4 f4+ 40. Kd3
g5 41. Ke2 e4 42. fxe4+ Kxe4 43. Kf2 f3 0-1

[Event "WE Autunno 2020 A"]
[Site "Roma"]
[Date "2020.10.09"]
[Round "1"]
[White "Marino, Giovanni"]
[Black "Maldonado, Stefano"]
[Result "1/2-1/2"]
[WhiteElo "1950"]
[BlackElo "1503"]
[PlyCount "56"]
[EventDate "2020.10.??"]

1. Nf3 Nf6 2. d4 d5 3. c4 c6 4. Qb3 Qb6 5. Qxb6 axb6 6. cxd5 Nxd5 7. Bd2 Bf5 8.
Nc3 Nxc3 9. Bxc3 h5 10. Nd2 e6 11. e4 Bh7 12. a3 Nd7 13. Bc4 b5 14. Ba2 Nb6 15.
O-O Be7 16. d5 cxd5 17. exd5 Nxd5 18. Bxd5 exd5 19. Rfe1 Kd7 20. Re5 b4 21. Bd4
Bf6 22. Rxh5 Kd6 23. Bxf6 gxf6 24. Nb3 Bg6 25. Rxh8 Rxh8 26. g3 bxa3 27. bxa3
Ra8 28. Kf1 Re8 1/2-1/2

[Event "WE Autunno 2020 A"]
[Site "Roma"]
[Date "2020.10.09"]
[Round "1"]
[White "Rabiti, Roberto"]
[Black "Mora, Lorenzo"]
[Result "0-1"]
[WhiteElo "1450"]
[BlackElo "1931"]
[PlyCount "84"]
[EventDate "2020.10.??"]

1. c4 Nf6 2. Nc3 g6 3. g3 Bg7 4. Bg2 c6 5. Nf3 O-O 6. O-O d6 7. d4 Nbd7 8. Bg5
Re8 9. Re1 Qa5 10. Qd2 e5 11. dxe5 dxe5 12. e4 Nf8 13. Rad1 Be6 14. b3 h6 15.
Bxf6 Bxf6 16. Na4 Qxd2 17. Rxd2 Bg4 18. Nc5 b6 19. Nd3 Rad8 20. h3 Bxf3 21.
Bxf3 Rd4 22. h4 Red8 23. Red1 Ne6 24. Kf1 Nc5 25. Ke2 Nxe4 26. Bxe4 Rxe4+ 27.
Kf1 Red4 28. f3 g5 29. h5 g4 30. f4 e4 31. Nf2 Rxd2 32. Rxd2 Rxd2 33. Nxe4 Rxa2
34. Nxf6+ Kg7 35. Nxg4 Rb2 36. Ne5 c5 37. Nc6 a6 38. Nb8 a5 39. Nd7 Rxb3 40. g4
a4 41. g5 a3 42. f5 hxg5 0-1

[Event "WE Autunno 2020 A"]
[Site "Roma"]
[Date "2020.10.09"]
[Round "1"]
[White "Pastore, Cosmas"]
[Black "Costa, Gabriele"]
[Result "1-0"]
[WhiteElo "1888"]
[BlackElo "1447"]
[PlyCount "55"]
[EventDate "2020.10.??"]

1. e4 e5 2. Bc4 Nc6 3. Nc3 Nf6 4. d3 Bc5 5. f4 d6 6. Nf3 a6 7. f5 h6 8. Qe2 Bd7
9. Be3 Nd4 10. Bxd4 exd4 11. Nd5 c6 12. Nxf6+ Qxf6 13. O-O O-O 14. g4 a5 15. a4
Rfe8 16. Qg2 Rad8 17. g5 hxg5 18. Qxg5 Qxg5+ 19. Nxg5 Rf8 20. h4 Be8 21. Rae1
Kh8 22. f6 Rd7 23. fxg7+ Kxg7 24. Re2 Bb6 25. Rg2 Kh8 26. Rf5 Bd8 27. Ne6 Rg8
28. Rh5# 1-0

[Event "WE Autunno 2020 A"]
[Site "Roma"]
[Date "2020.10.09"]
[Round "1"]
[White "Sacripanti, Valerio"]
[Black "Macchini, Bruno"]
[Result "0-1"]
[WhiteElo "1379"]
[BlackElo "1860"]
[PlyCount "90"]
[EventDate "2020.10.??"]

1. e4 c5 2. Nf3 e6 3. d3 Nc6 4. g3 g6 5. c3 Bg7 6. Nbd2 Nge7 7. Bg2 O-O 8. O-O
d5 9. Re1 b5 10. e5 a5 11. d4 cxd4 12. cxd4 a4 13. Nf1 Qb6 14. h4 Nf5 15. Be3
Nxe3 16. Nxe3 f6 17. Ng4 fxe5 18. dxe5 h5 19. Ngh2 Nxe5 20. Nxe5 Qxf2+ 21. Kh1
Qxg3 22. Qd3 Bxe5 23. Rxe5 Qxe5 24. Qxg6+ Qg7 25. Qxh5 Rf6 26. Bxd5 Bb7 27.
Bxb7 Qxb7+ 28. Kg1 Kg7 29. Ng4 Rg6 30. Kh2 Qd5 31. Qxd5 exd5 32. Ne3 Rd8 33.
Rd1 Rf8 34. Rd2 Rf4 35. Ng2 Rfg4 36. Kh3 d4 37. Ne1 Kf6 38. Rd3 Ke5 39. h5 Rg8
40. Rd2 Rg3+ 41. Kh2 Ke4 42. Re2+ Re3 43. Rxe3+ dxe3 44. Kh3 Rg1 45. Ng2 e2 0-1

[Event "WE Autunno 2020 A"]
[Site "Roma"]
[Date "2020.10.10"]
[Round "2"]
[White "D'Angerio, Alessandro"]
[Black "Machidon, Cristi"]
[Result "0-1"]
[WhiteElo "2019"]
[BlackElo "2261"]
[PlyCount "128"]
[EventDate "2020.10.??"]

1. d4 Nf6 2. c4 e6 3. Nc3 Bb4 4. e3 O-O 5. Nge2 d5 6. a3 Bd6 7. c5 Be7 8. b4 b6
9. Bb2 Nc6 10. Nf4 bxc5 11. bxc5 Rb8 12. Rb1 e5 13. dxe5 Nxe5 14. Nb5 Neg4 15.
h3 Nxf2 16. Kxf2 Ne4+ 17. Kg1 Bxc5 18. Bd4 Bxd4 19. Qxd4 c6 20. Nc3 Rxb1 21.
Nxb1 Qh4 22. Nd3 Qg3 23. Nc3 Nxc3 24. Qxc3 Qxe3+ 25. Kh2 Bf5 26. Qe5 Qxe5+ 27.
Nxe5 c5 28. Bb5 Rc8 29. Rd1 Be6 30. a4 Kf8 31. Kg3 Rc7 32. Kf4 Ke7 33. Ke3 Kd6
34. Nc4+ Ke7 35. Ne5 h5 36. Kf4 g5+ 37. Ke3 f6 38. Nf3 Kd6 39. Rc1 Re7 40. Kd2
Bf5 41. Re1 Be6 42. Rc1 Rg7 43. Ke3 f5 44. g3 g4 45. hxg4 Rxg4 46. Kf2 f4 47.
gxf4 Rxf4 48. Kg3 Rg4+ 49. Kf2 Rf4 50. Kg3 Rb4 51. Re1 h4+ 52. Kf2 Rf4 53. Ke3
Rg4 54. Rg1 d4+ 55. Kd2 Rxg1 56. Nxg1 h3 57. Nf3 Bd5 58. Nh2 Ke5 59. Bd7 Bg2
60. Kd3 Kd5 61. Bb5 Be4+ 62. Kd2 c4 63. Ng4 c3+ 64. Ke2 Bf3+ 0-1

[Event "WE Autunno 2020 A"]
[Site "Roma"]
[Date "2020.10.10"]
[Round "2"]
[White "Mora, Lorenzo"]
[Black "Pacilli, Emanuele"]
[Result "0-1"]
[WhiteElo "1931"]
[BlackElo "2106"]
[PlyCount "78"]
[EventDate "2020.10.??"]

1. e4 c5 2. Nf3 d6 3. d3 a6 4. g3 b5 5. Bg2 Bb7 6. O-O e6 7. Qe2 Be7 8. h3 Nf6
9. Nh2 Nc6 10. c3 O-O 11. f4 d5 12. e5 Nd7 13. Nd2 Qc7 14. Ng4 Rae8 15. Nf3 Kh8
16. Be3 Kg8 17. Rac1 c4 18. d4 b4 19. Qc2 Bc8 20. h4 Qa5 21. Ng5 Bxg5 22. hxg5
Qxa2 23. Kf2 Qb3 24. Qe2 f5 25. exf6 gxf6 26. Rh1 f5 27. Nh6+ Kh8 28. Qh5 Qxb2+
29. Kf3 Re7 30. g4 fxg4+ 31. Nxg4 Rg7 32. Rh2 bxc3 33. Rch1 Qc2 34. Nf6 Nxf6
35. gxf6 Rb7 36. f5 Qe4+ 37. Kg3 Qxe3+ 38. Bf3 Rg8+ 39. Kh4 Qf4+ 0-1

[Event "WE Autunno 2020 A"]
[Site "Roma"]
[Date "2020.10.10"]
[Round "2"]
[White "Macchini, Bruno"]
[Black "Marino, Giovanni"]
[Result "1/2-1/2"]
[WhiteElo "1860"]
[BlackElo "1950"]
[PlyCount "31"]
[EventDate "2020.10.??"]

1. e4 c5 2. Nf3 d6 3. d4 cxd4 4. Nxd4 Nf6 5. Nc3 a6 6. Be3 e6 7. Be2 b5 8. a4
b4 9. Na2 e5 10. Nb3 d5 11. exd5 Nxd5 12. Bf3 Nxe3 13. Qxd8+ Kxd8 14. fxe3 Ra7
15. O-O-O+ Rd7 16. c3 1/2-1/2

[Event "WE Autunno 2020 A"]
[Site "Roma"]
[Date "2020.10.10"]
[Round "2"]
[White "Maldonado, Stefano"]
[Black "Brozzi, Danilo"]
[Result "1/2-1/2"]
[WhiteElo "1503"]
[BlackElo "1713"]
[PlyCount "54"]
[EventDate "2020.10.??"]

1. e4 c5 2. Nf3 d6 3. d4 cxd4 4. Nxd4 Nf6 5. Nc3 g6 6. Bc4 Bg7 7. Bb3 a6 8. a4
O-O 9. O-O Bd7 10. h3 Nc6 11. Be3 Rc8 12. Qd2 Nxd4 13. Bxd4 Bc6 14. Rfe1 Qd7
15. f3 Rfe8 16. a5 Rf8 17. Na4 Bxa4 18. Bxa4 Qc7 19. Bb6 Qc4 20. Bb3 Qc6 21.
Ba4 Qc4 22. Bb3 Qc6 23. Ba4 Qc4 24. Bb3 Qc6 25. Ba4 Qc4 26. Bb3 Qb5 27. Ba4 Qc4
1/2-1/2

[Event "WE Autunno 2020 A"]
[Site "Roma"]
[Date "2020.10.10"]
[Round "2"]
[White "Scagliarini, Bruno"]
[Black "Moriggi, Alessandro"]
[Result "1-0"]
[WhiteElo "1788"]
[BlackElo "1586"]
[PlyCount "49"]
[EventDate "2020.10.??"]

1. d4 Nf6 2. Nf3 g6 3. c4 Bg7 4. g3 O-O 5. Bg2 d5 6. cxd5 Nxd5 7. e4 Nb6 8. h3
N8d7 9. Nc3 c5 10. d5 Ne5 11. Nxe5 Bxe5 12. O-O f5 13. Bh6 Rf7 14. Qe2 Bg7 15.
Bxg7 Kxg7 16. e5 f4 17. e6 Rf5 18. g4 Rf8 19. Rad1 Qe8 20. Nb5 f3 21. Bxf3 Rxf3
22. Qxf3 Qxb5 23. Qf7+ Kh6 24. Qf8+ Kg5 25. Qxe7+ 1-0

[Event "WE Autunno 2020 A"]
[Site "Roma"]
[Date "2020.10.10"]
[Round "2"]
[White "Vannelli, Vittorio"]
[Black "Sacripanti, Valerio"]
[Result "1/2-1/2"]
[WhiteElo "1632"]
[BlackElo "1379"]
[PlyCount "58"]
[EventDate "2020.10.??"]

1. e4 c6 2. d4 d5 3. Nc3 dxe4 4. Nxe4 Bf5 5. Nc5 b6 6. Nb3 Nd7 7. g4 Be4 8. f3
Bg6 9. h4 h5 10. g5 Qc7 11. Bd3 Bxd3 12. Qxd3 g6 13. Ne2 e6 14. Bf4 Bd6 15.
Bxd6 Qxd6 16. O-O-O Ne7 17. Nd2 O-O 18. Ne4 Qc7 19. Kb1 Nf5 20. Qd2 Rad8 21.
Rdg1 Kg7 22. Qc3 e5 23. dxe5 Qxe5 24. Qxc6 Nc5 25. Qf6+ Qxf6 26. gxf6+ Kh6 27.
Ng5 Nd6 28. Nf4 Nd7 29. Nxf7+ Rxf7 1/2-1/2

[Event "WE Autunno 2020 A"]
[Site "Roma"]
[Date "2020.10.10"]
[Round "3"]
[White "Machidon, Cristi"]
[Black "Pacilli, Emanuele"]
[Result "1-0"]
[WhiteElo "2261"]
[BlackElo "2106"]
[PlyCount "47"]
[EventDate "2020.10.??"]

1. d4 c5 2. d5 e5 3. e4 Nf6 4. Nc3 d6 5. Nf3 g6 6. Be2 Bg7 7. Nd2 O-O 8. O-O
Na6 9. Nc4 Nc7 10. a4 b6 11. f4 Re8 12. fxe5 dxe5 13. Bg5 h6 14. Bh4 Ba6 15.
Rf2 Bxc4 16. Bxc4 Qd6 17. Qe2 Nh5 18. g3 Rf8 19. Raf1 Qd7 20. Qd1 Qd6 21. Be2
g5 22. Bxg5 Nxg3 23. hxg3 hxg5 24. Bh5 1-0

[Event "WE Autunno 2020 A"]
[Site "Roma"]
[Date "2020.10.10"]
[Round "3"]
[White "Carnicelli, Valerio"]
[Black "D'Angerio, Alessandro"]
[Result "1-0"]
[WhiteElo "2242"]
[BlackElo "2019"]
[PlyCount "55"]
[EventDate "2020.10.??"]

1. e4 c5 2. Nf3 e6 3. d4 cxd4 4. Nxd4 Nc6 5. Nb5 d6 6. c4 Nf6 7. N1c3 a6 8. Na3
Be7 9. Be3 O-O 10. g3 b6 11. Bg2 Bb7 12. O-O Qc7 13. Rc1 Nb8 14. Qe2 Nbd7 15.
Rfd1 Rac8 16. f3 Rfd8 17. Qf2 Rb8 18. b4 Rdc8 19. Bf1 Qc6 20. b5 Qc7 21. bxa6
Bxa6 22. Ncb5 Qd8 23. Nxd6 Bxd6 24. Rxd6 Qe7 25. Rcd1 Ne5 26. Bxb6 Nxf3+ 27.
Qxf3 Rxb6 28. Rxb6 1-0

[Event "WE Autunno 2020 A"]
[Site "Roma"]
[Date "2020.10.10"]
[Round "3"]
[White "Marino, Giovanni"]
[Black "Scagliarini, Bruno"]
[Result "1-0"]
[WhiteElo "1950"]
[BlackElo "1788"]
[PlyCount "69"]
[EventDate "2020.10.??"]

1. Nf3 e6 2. d4 Nf6 3. c4 c5 4. g3 cxd4 5. Nxd4 d5 6. Bg2 Bb4+ 7. Bd2 Bxd2+ 8.
Nxd2 Nc6 9. cxd5 exd5 10. N2b3 Nxd4 11. Qxd4 O-O 12. O-O b6 13. Nc1 Ba6 14. Rd1
Qe7 15. e3 Rfd8 16. Qa4 Bc8 17. Rd4 Bf5 18. Ne2 Be4 19. Nc3 Bxg2 20. Kxg2 Rac8
21. Rad1 h5 22. Nxd5 Qb7 23. Qb3 Re8 24. f3 Nd7 25. e4 Nc5 26. Qe3 Ne6 27. R4d2
Rc4 28. Nc3 Re7 29. e5 h4 30. Rd8+ Nxd8 31. Rxd8+ Kh7 32. Qd3+ g6 33. Qxc4 h3+
34. Kf2 a6 35. Qh4+ 1-0

[Event "WE Autunno 2020 A"]
[Site "Roma"]
[Date "2020.10.10"]
[Round "3"]
[White "Costa, Gabriele"]
[Black "Mora, Lorenzo"]
[Result "0-1"]
[WhiteElo "1447"]
[BlackElo "1931"]
[PlyCount "100"]
[EventDate "2020.10.??"]

1. d4 Nf6 2. c4 g6 3. Nc3 d6 4. e4 Bg7 5. Be2 O-O 6. Bg5 Nbd7 7. Nf3 c5 8. d5
Re8 9. O-O a6 10. Qc2 Rb8 11. Rfb1 h6 12. Be3 Ng4 13. Bd2 Nf8 14. h3 Ne5 15. a3
e6 16. Rd1 exd5 17. Nxd5 Ne6 18. Rab1 Nxf3+ 19. Bxf3 Nd4 20. Qd3 Be6 21. b4
Bxd5 22. exd5 b5 23. Rbc1 Qb6 24. Re1 Kh7 25. Be2 bxc4 26. Rxc4 Qb5 27. Bf1
Rxe1 28. Bxe1 Re8 29. Bd2 Re5 30. bxc5 dxc5 31. Rc3 Rxd5 32. Qxb5 axb5 33. Rg3
Nf5 34. Rd3 Rxd3 35. Bxd3 c4 36. Be4 Bb2 37. Bb4 Nd4 38. Bc5 Nb3 39. Bb4 f5 40.
Bb1 c3 41. Bd3 Nd4 42. Kf1 c2 43. Bxc2 Nxc2 44. Ke2 Nxb4 45. axb4 Bc3 46. Kd3
Bxb4 47. Kc2 Kg7 48. f4 Kf6 49. g3 Ke6 50. Kd3 Kd5 0-1

[Event "WE Autunno 2020 A"]
[Site "Roma"]
[Date "2020.10.10"]
[Round "3"]
[White "Brozzi, Danilo"]
[Black "Pastore, Cosmas"]
[Result "0-1"]
[WhiteElo "1713"]
[BlackElo "1888"]
[PlyCount "126"]
[EventDate "2020.10.??"]

1. d4 d5 2. c4 c6 3. e3 Nf6 4. Nf3 Bf5 5. Nc3 e6 6. Bd3 Bxd3 7. Qxd3 Nbd7 8. a3
Bd6 9. O-O O-O 10. cxd5 exd5 11. Rd1 Re8 12. Qc2 Rc8 13. Qe2 Qc7 14. Bd2 Ne4
15. Rac1 Nxc3 16. Bxc3 Nf6 17. h3 Ne4 18. Qc2 Qe7 19. Qd3 Qe6 20. Nd2 f5 21.
Nxe4 fxe4 22. Qe2 Rf8 23. Rd2 Qg6 24. Qg4 Qxg4 25. hxg4 Rf6 26. Re2 Rcf8 27.
Rf1 h6 28. b4 Kh7 29. a4 Kg6 30. b5 cxb5 31. axb5 Rc8 32. Bb2 Bb8 33. f4 Rb6
34. Ra1 Rxb5 35. Kf2 Rc4 36. g3 a5 37. Bc1 Bd6 38. Rea2 b6 39. Bd2 Kf7 40. Ke2
Ke8 41. Kd1 Kd7 42. Ke2 Rb3 43. Kd1 Bb4 44. Bxb4 Rbxb4 45. Kd2 Rb3 46. Ra3 Rb2+
47. Ke1 Rh2 48. R3a2 Rcc2 49. Rxc2 Rxc2 50. Rb1 Kc6 51. Kd1 Rc4 52. Kd2 a4 53.
f5 a3 54. Ra1 Ra4 55. Kc3 Kb5 56. Rb1+ Ka5 57. Ra1 b5 58. Kb3 Rb4+ 59. Kc3 Ka4
60. Rf1 Rc4+ 61. Kd2 a2 62. f6 gxf6 63. Rxf6 Kb3 0-1

[Event "WE Autunno 2020 A"]
[Site "Roma"]
[Date "2020.10.10"]
[Round "3"]
[White "Sacripanti, Valerio"]
[Black "Maldonado, Stefano"]
[Result "1/2-1/2"]
[WhiteElo "1379"]
[BlackElo "1503"]
[PlyCount "37"]
[EventDate "2020.10.??"]

1. e4 e5 2. Nc3 Nc6 3. g3 Nf6 4. Bg2 Bc5 5. h3 d6 6. Nge2 Be6 7. O-O O-O 8. d3
h6 9. Kh2 d5 10. f4 dxe4 11. Nxe4 Nxe4 12. Bxe4 f6 13. f5 Bf7 14. Nc3 a5 15.
Qg4 Kh8 16. Qh4 Kh7 17. Bxc6 bxc6 18. Ne4 Be7 19. g4 1/2-1/2

[Event "WE Autunno 2020 A"]
[Site "Roma"]
[Date "2020.10.10"]
[Round "3"]
[White "Moriggi, Alessandro"]
[Black "Vannelli, Vittorio"]
[Result "0-1"]
[WhiteElo "1586"]
[BlackElo "1632"]
[PlyCount "60"]
[EventDate "2020.10.??"]

1. e4 c5 2. b4 cxb4 3. a3 bxa3 4. Nxa3 Nc6 5. d4 e6 6. d5 exd5 7. exd5 Bb4+ 8.
Bd2 Qe7+ 9. Qe2 Bxd2+ 10. Kxd2 Qxe2+ 11. Bxe2 Nd4 12. Kd3 Nxe2 13. Nxe2 d6 14.
Nb5 Bf5+ 15. Kd2 Kd7 16. Rxa7 Rxa7 17. Nxa7 Nf6 18. c4 Ne4+ 19. Ke3 Re8 20. Re1
Nc5+ 21. Kd2 Bd3 22. Nb5 Bxc4 23. Nbc3 Ne4+ 24. Nxe4 Rxe4 25. Nc3 Rxe1 26. Kxe1
b5 27. Kd2 b4 28. Na4 Bxd5 29. Nb6+ Kc6 30. Nxd5 Kxd5 0-1

[Event "WE Autunno 2020 A"]
[Site "Roma"]
[Date "2020.10.11"]
[Round "4"]
[White "Carnicelli, Valerio"]
[Black "Machidon, Cristi"]
[Result "1-0"]
[WhiteElo "2242"]
[BlackElo "2261"]
[PlyCount "67"]
[EventDate "2020.10.??"]

1. e4 c6 2. d4 d5 3. e5 Bf5 4. Nc3 e6 5. g4 Bg6 6. Nge2 c5 7. h4 h5 8. Nf4 Bh7
9. g5 cxd4 10. Nb5 Be4 11. f3 Bf5 12. Nxd4 Ne7 13. Nxf5 Nxf5 14. Bd3 Qc7 15.
Ne2 Nc6 16. Bxf5 exf5 17. Bf4 d4 18. Qd3 Bb4+ 19. c3 dxc3 20. bxc3 Rd8 21. Qc4
Ba5 22. g6 fxg6 23. Bg5 Ne7 24. Qa4+ Kf7 25. Qb3+ Kf8 26. O-O Qb6+ 27. Kh1 Nc6
28. Bxd8 Qxb3 29. axb3 Bxd8 30. Nf4 Kf7 31. e6+ Ke8 32. b4 a6 33. b5 axb5 34.
Ra8 1-0

[Event "WE Autunno 2020 A"]
[Site "Roma"]
[Date "2020.10.11"]
[Round "4"]
[White "Pacilli, Emanuele"]
[Black "Pastore, Cosmas"]
[Result "1-0"]
[WhiteElo "2106"]
[BlackElo "1888"]
[PlyCount "113"]
[EventDate "2020.10.??"]

1. d4 d5 2. e3 Nf6 3. Bd3 Bg4 4. Nf3 e6 5. Nbd2 Be7 6. c3 c6 7. Qc2 Nbd7 8. b3
Qc7 9. Bb2 Bxf3 10. Nxf3 h6 11. a3 O-O 12. c4 Rac8 13. c5 a5 14. O-O Rfe8 15.
b4 axb4 16. axb4 Ra8 17. b5 b6 18. cxb6 Qxb6 19. Qxc6 Rac8 20. Qxb6 Nxb6 21.
Ba3 Nc4 22. Bxc4 dxc4 23. Ne5 Bxa3 24. Rxa3 Ne4 25. Rc1 Nd6 26. b6 Ra8 27. Rxa8
Rxa8 28. Nd7 Rd8 29. Ne5 Rb8 30. Nxc4 Nxc4 31. Rxc4 Rxb6 32. Rc8+ Kh7 33. g4
Kg6 34. Kg2 h5 35. h3 hxg4 36. hxg4 Kf6 37. Rc7 Ra6 38. f4 Ra5 39. Kf3 g5 40.
Rc5 Ra1 41. Rxg5 Rf1+ 42. Ke4 Rg1 43. Rg8 Ke7 44. g5 Re1 45. Rg7 Kf8 46. Rh7
Kg8 47. g6 f5+ 48. Ke5 Rxe3+ 49. Kf6 Ra3 50. Re7 Ra8 51. Kxe6 Rf8 52. Rf7 Rd8
53. d5 Re8+ 54. Kxf5 Rd8 55. Ke6 Re8+ 56. Re7 Ra8 57. f5 1-0

[Event "WE Autunno 2020 A"]
[Site "Roma"]
[Date "2020.10.11"]
[Round "4"]
[White "Mora, Lorenzo"]
[Black "Marino, Giovanni"]
[Result "1/2-1/2"]
[WhiteElo "1931"]
[BlackElo "1950"]
[PlyCount "32"]
[EventDate "2020.10.??"]

1. e4 c5 2. Nf3 d6 3. d3 g6 4. g3 Bg7 5. Bg2 e6 6. O-O Nc6 7. c3 Nge7 8. Qe2
O-O 9. a4 h6 10. Nbd2 a6 11. Ne1 Rb8 12. f4 b5 13. Ndf3 b4 14. c4 f5 15. Rb1
Kh7 16. b3 e5 1/2-1/2

[Event "WE Autunno 2020 A"]
[Site "Roma"]
[Date "2020.10.11"]
[Round "4"]
[White "Vannelli, Vittorio"]
[Black "Macchini, Bruno"]
[Result "0-1"]
[WhiteElo "1632"]
[BlackElo "1860"]
[PlyCount "46"]
[EventDate "2020.10.??"]

1. e4 c5 2. Nf3 e6 3. d4 cxd4 4. Nxd4 a6 5. Bd3 Nf6 6. O-O Qc7 7. Be3 d5 8. Nd2
dxe4 9. Nxe4 Nbd7 10. Nxf6+ Nxf6 11. h3 b6 12. Re1 Be7 13. c4 Bb7 14. Bg5 O-O-O
15. Be3 Rd7 16. Rc1 Bc5 17. Nc2 Rhd8 18. Bxc5 Rxd3 19. Qxd3 Rxd3 20. Nb4 Qxc5
21. Nxd3 Qg5 22. g3 Qf5 23. Nf4 g5 0-1

[Event "WE Autunno 2020 A"]
[Site "Roma"]
[Date "2020.10.11"]
[Round "4"]
[White "Maldonado, Stefano"]
[Black "Rabiti, Roberto"]
[Result "1-0"]
[WhiteElo "1503"]
[BlackElo "1450"]
[PlyCount "51"]
[EventDate "2020.10.??"]

1. e4 e6 2. d4 d5 3. exd5 Qxd5 4. Nf3 b6 5. c3 Bb7 6. Be3 Nf6 7. Nbd2 Be7 8.
Bc4 Qh5 9. Bd3 Nbd7 10. Bf4 Nd5 11. Bg3 f5 12. c4 f4 13. cxd5 fxg3 14. dxe6
gxf2+ 15. Kxf2 Nf6 16. Kg1 O-O-O 17. Nb3 Bd5 18. Ne5 Qg5 19. Qc2 Bxb3 20. Ba6+
Kb8 21. Nc6+ Ka8 22. Qxb3 Rd6 23. Na5 bxa5 24. Qd3 Qe3+ 25. Qxe3 Rxa6 26. Qf3+
1-0

[Event "WE Autunno 2020 A"]
[Site "Roma"]
[Date "2020.10.11"]
[Round "4"]
[White "Scagliarini, Bruno"]
[Black "Costa, Gabriele"]
[Result "1-0"]
[WhiteElo "1788"]
[BlackElo "1447"]
[PlyCount "57"]
[EventDate "2020.10.??"]

1. d4 d5 2. Nf3 c5 3. e3 e6 4. c3 Nf6 5. Bd3 Nc6 6. Nbd2 cxd4 7. exd4 Bd6 8.
O-O O-O 9. Re1 Re8 10. Ne5 Qe7 11. Ndf3 Nd7 12. Ng5 Ndxe5 13. Bxh7+ Kf8 14.
dxe5 Bxe5 15. Bc2 Rd8 16. Qh5 Ke8 17. Nf3 g6 18. Bxg6 Bf6 19. Bc2 Kd7 20. Ba4
a6 21. Bf4 b5 22. Bc2 Bb7 23. Ne5+ Nxe5 24. Bxe5 Rh8 25. Qe2 Rag8 26. Rad1
Rxg2+ 27. Kxg2 d4+ 28. f3 Rxh2+ 29. Bxh2 1-0

[Event "WE Autunno 2020 A"]
[Site "Roma"]
[Date "2020.10.11"]
[Round "5"]
[White "Pacilli, Emanuele"]
[Black "Carnicelli, Valerio"]
[Result "1-0"]
[WhiteElo "2106"]
[BlackElo "2242"]
[PlyCount "79"]
[EventDate "2020.10.??"]

1. e4 c5 2. Nf3 Nc6 3. d4 cxd4 4. Nxd4 Nf6 5. Nc3 e6 6. Nxc6 bxc6 7. Bd3 d5 8.
O-O Be7 9. Re1 h6 10. e5 Nd7 11. Qg4 g5 12. Qh5 Nc5 13. Be2 Rb8 14. a3 a5 15.
f4 d4 16. Nd1 d3 17. cxd3 Nb3 18. Rb1 Nxc1 19. Rxc1 Qd4+ 20. Kh1 Qxf4 21. Rc4
Qxe5 22. Rf1 Qg7 23. Bf3 O-O 24. Rxc6 Rb5 25. Ne3 f5 26. Bd5 Rxd5 27. Nxd5 exd5
28. Rg6 Kh7 29. Rxg7+ Kxg7 30. Qe2 Bf6 31. Rc1 f4 32. h3 Bf5 33. Rc7+ Kg6 34.
b4 axb4 35. axb4 h5 36. Rc6 g4 37. Qe5 Kg5 38. h4+ Kg6 39. Qxf4 Bxd3 40. Qg5+
1-0

[Event "WE Autunno 2020 A"]
[Site "Roma"]
[Date "2020.10.11"]
[Round "5"]
[White "Machidon, Cristi"]
[Black "Mora, Lorenzo"]
[Result "1-0"]
[WhiteElo "2261"]
[BlackElo "1931"]
[PlyCount "61"]
[EventDate "2020.10.??"]

1. d4 Nf6 2. Bf4 d6 3. Nc3 Nbd7 4. Nf3 c5 5. d5 Qa5 6. Bd2 g6 7. e4 Bg7 8. Be2
O-O 9. O-O a6 10. Re1 Qc7 11. a4 b6 12. Bf1 Bb7 13. Bf4 Nh5 14. Bg5 Rfe8 15.
Qd2 Rab8 16. h3 Nhf6 17. Bf4 Ne5 18. Nxe5 dxe5 19. Bh2 Rbd8 20. Rad1 Qd6 21.
Bc4 Nd7 22. Qe2 Ra8 23. Nb1 Reb8 24. Na3 Nf6 25. Bb3 Ne8 26. f4 Qc7 27. Qf2
exf4 28. Bxf4 Be5 29. Bxe5 Qxe5 30. Nc4 Qc7 31. e5 1-0